01066 2200205 4500001002100000005001500021008004100036035002000077082000800097084001400105100001300119245003600132250000600168260003800174300001200212520060200224650001000826990001200836990001200848INLIS00000000000085720240607075859240607 1 ind  a0010-0524000092 a813 a813 KIN u aKinoysan1 aUnforgettable Tokyo /cKinoysan a1 aYogyakarta :bSheila/ Andi,c2017 a190 hlm a Kamu ini, udah dibilang enggak ya enggak. Mami nggak mau kamu keluyuran nggak jelas. Jauh-jauh ke Jepang mau ngapain? Kuliah aja yang bener! Inget ya, Mami nggak suka kamu ambur-amburin uang. Ambur-amburin uang gimana? Tora protes. Lha kamu bolak-balik nonton konser Aimi, apa nggak buang-buang duit namanya? Emangnya nggak cukup nonton teve sama dengerin lagunya? Tora hanya bisa manyun mendengar keterangan Maminya. Gagal lagi deh usahanya. Maminya nggak ngasih duit atau pinjeman buat ke Jepang, menonton konser Aimi, penyanyi Jepang idolanya. Duuuh, sampai kapan ia bisa pergi ke Jepang? 4aFiksi a0741314 a0741315